000 00604nam a22001817a 4500
005 20251108165322.0
008 250721s1991 xx 000 0 ara d
082 1 4 _a947.085/دان
100 1 _aكارير دانكوس، هيلين
245 1 0 _aنهاية الإمبرطورية السوفايتية :
_bمجد الأمم /
264 1 _aليماسول :
_bدار قرطبة للنشر و التوزيع،
_c1991.
300 _a341ص
650 1 7 _aتاريخ روسيا
650 1 7 _aالشيوعية
700 1 _aالعريس، إبراهيم
_eترجمة
942 _2ddc
_cBK
999 _c24960
_d24960